Państwa graniczące z Austrią - nagła śmierć - Statystyki

Ogólne statystyki
  • Ten quiz został rozwiązany 46 razy
  • Średni wynik to 6 z 8
Answers on the Grid
Answers color-coded by a green-red scale on the quiz's grid according to % correct below.
Szwajcaria
Liechtenstein
Niemcy
Czechy
Słowacja
Węgry
Słowenia
Włochy
Bułgaria
Francja
Belgia
Rumunia
Mołdawia
San Marino
Chorwacja
 
Statystyki odpowiedzi
Odpowiedź % Poprawnych
Niemcy
91%
Szwajcaria
82%
Słowenia
76%
Czechy
71%
Węgry
68%
Włochy
68%
Słowacja
62%
Liechtenstein
59%
Nie znaleziono quizów pasujących do podanych kryteriów
Rozkład punktacji
Procent ludzi z każdym wynikiem
Percentyl według liczby udzielonych odpowiedzi
Twoja historia wyników
Nie rozwiązałeś tego quizu